000 00903nam a2200289Ia 4500
003 OSt
005 20220928130007.0
006 a|||||r|||| 00| 0
007 ta
008 220927b |||||||| |||| 00| 0 eng d
020 _cUKP 33.99
024 _a136733
037 _b60, 22/11/2017, Better Book Service
_cTextual
040 _aSDCL
_cSDCL
_beng
041 _2eng
_aeng
082 _aV1:5'P, Q0
100 _aSriram Chandra Lekha
_9462439
245 0 _aWar, conflict and human rights
_b Theory and practice
250 _a3rd
260 _aLondon
_bRoutledge
_c2018
300 _axx,277p.
_ccm.
650 _aPolitical Science
700 _a Herman Johanna
_9462440
700 _a Ortega Olga Martin
_9472442
942 _hV1:5'P, Q0
_cTEXL
_2CC
999 _c785022
_d785022